[Event "ESP-ch Amateurs U2300"]
[Site "Murcia"]
[Date "2022.09.01"]
[Round "5.9"]
[White "Porlan Minarro, Antonio"]
[Black "Montalban Galvez, Antonio"]
[Result "0-1"]
[WhiteElo "2009"]
[BlackElo "2197"]
[PlyCount "114"]
[EventDate "2022.08.30"]
[EventType "swiss"]
[EventRounds "7"]
[EventCountry "ESP"]
[SourceTitle "EXT 2024"]
[Source "ChessBase"]
[SourceDate "2023.10.10"]
[SourceVersion "1"]
[SourceVersionDate "2023.10.10"]
[SourceQuality "1"]

1. e4 c5 2. Nf3 Nc6 3. Bb5 e6 4. 0-0 Nge7 5. c3 d5 6. exd5 Nxd5 7. d4 cxd4 8. Nxd4 Bd7 9. c4 Nf6 10. Nc3 Qc7 11. Bg5 Bd6 12. Nf3 a6 13. Ba4 Ne5 14. Bxf6 gxf6 15. Bxd7+ Nxd7 16. Ne4 Be7 17. Rc1 f5 18. Ng3 h5 19. Re1 h4 20. Nf1 Rg8 21. Ne3 Kf8 22. Nd4 Nf6 23. Qf3 Ng4 24. Nxg4 Rxg4 25. Rxe6 Rxd4 26. Rh6 Qe5 27. Qh5 Bf6 28. Rh7 Bg7 29. g3 Rad8 30. c5 hxg3 31. hxg3 f4 32. Qxe5 Bxe5 33. gxf4 Rd1+ 34. Rxd1 Rxd1+ 35. Kg2 Bd4 36. b4 Rd2 37. Rh6 Rxf2+ 38. Kg3 Rxa2 39. Rb6 Rb2 40. Rxb7 Bxc5 41. Rb8+ Kg7 42. Ra8 Rb3+ 43. Kg4 Rxb4 44. Rxa6 Be3 45. Ra8 Rxf4+ 46. Kh5 Rf1 47. Ra3 Bf4 48. Ra7 Rg1 49. Rb7 Be5 50. Ra7 Kf6 51. Rb7 Bd6 52. Rb5 Ke6 53. Ra5 f5 54. Kh4 f4 55. Ra2 Kf5 56. Kh3 f3 57. Ra5+ Be5 0-1

[Event "ESP-ch U18"]
[Site "Granada"]
[Date "2016.07.25"]
[Round "1"]
[White "Lopez Rivera, Jesus"]
[Black "Porlan Minarro, Antonio"]
[Result "1-0"]
[WhiteElo "2388"]
[BlackElo "1973"]
[PlyCount "31"]
[EventDate "2016.07.25"]
[EventType "swiss"]
[EventRounds "9"]
[EventCountry "ESP"]
[SourceTitle "EXT 2024"]
[Source "ChessBase"]
[SourceDate "2023.10.10"]
[SourceVersion "1"]
[SourceVersionDate "2023.10.10"]
[SourceQuality "1"]

1. e4 c5 2. Nc3 Nc6 3. Nge2 Nf6 4. d4 d5 5. exd5 Nxd5 6. dxc5 Nxc3 7. Qxd8+ Kxd8 8. Nxc3 Nd4 9. Bd3 e5 10. Be3 Bxc5 11. 0-0-0 Bd7 12. Ne4 b6 13. c3 Ne6 14. Bxc5 f5 15. Bb5 bxc5 16. Rxd7+ 1-0

[Event "Lorca op 4th"]
[Site "Lorca"]
[Date "2015.12.29"]
[Round "6"]
[White "Martinez Lopez, David"]
[Black "Porlan Minarro, Antonio"]
[Result "1-0"]
[WhiteElo "2351"]
[BlackElo "1908"]
[PlyCount "97"]
[EventDate "2015.12.26"]
[EventType "swiss"]
[EventRounds "9"]
[EventCountry "ESP"]
[SourceTitle "CBM 170 Extra"]
[Source "ChessBase"]
[SourceDate "2016.02.25"]
[SourceVersion "1"]
[SourceVersionDate "2016.02.25"]
[SourceQuality "1"]

1. d4 Nf6 2. c4 g6 3. Nc3 d5 4. Nf3 Bg7 5. Qb3 dxc4 6. Qxc4 0-0 7. e4 a6 8. e5 b5 9. Qb3 Nfd7 10. Ng5 Nb6 11. Be3 h6 12. Nge4 Nc6 13. Rd1 Na5 14. Qb4 Nac4 15. Bc1 Nd5 16. Nxd5 Qxd5 17. Nc3 Qe6 18. Bxc4 Qxc4 19. Qxc4 bxc4 20. 0-0 c6 21. Na4 Be6 22. Bd2 Rab8 23. Bc3 Bd5 24. Nc5 Ra8 25. a4 Rfd8 26. a5 Ra7 27. Na4 Rb7 28. Nb6 e6 29. Bb4 Bf8 30. Bc5 Be7 31. f4 Rdb8 32. g3 Bd8 33. Kf2 Bc7 34. Ke3 Kg7 35. Rc1 Kg8 36. Rc3 Kg7 37. Ra1 Kg8 38. Ra4 Kg7 39. Rb4 Kg8 40. Rc2 Kg7 41. Rf2 h5 42. h4 Kg8 43. Kd2 Kg7 44. Kc3 Kg8 45. Rf1 Kg7 46. Ra1 Kg8 47. Bd6 Bxd6 48. exd6 Kf8 49. Nd7+ 1-0

[Event "ESP-ch U16"]
[Site "Salobrena"]
[Date "2015.07.22"]
[Round "4"]
[White "Porlan Minarro, Antonio"]
[Black "Antunez Munoz, Ines"]
[Result "0-1"]
[WhiteElo "2040"]
[BlackElo "1873"]
[PlyCount "144"]
[EventDate "2015.07.20"]
[EventType "swiss"]
[EventRounds "9"]
[EventCountry "ESP"]
[SourceTitle "EXT 2016"]
[Source "ChessBase"]
[SourceDate "2015.10.08"]
[SourceVersion "1"]
[SourceVersionDate "2015.10.08"]
[SourceQuality "1"]

1. e4 e5 2. Nf3 Nc6 3. Bc4 Nf6 4. d3 Bc5 5. c3 d6 6. Bb3 a6 7. Nbd2 Be6 8. h3 0-0 9. Nf1 d5 10. Qe2 dxe4 11. dxe4 Qe7 12. g4 Rad8 13. Ng3 Qd6 14. g5 Nd7 15. Nh4 Nb6 16. Nhf5 Qd3 17. Bxe6 fxe6 18. Be3 Na4 19. Bxc5 Nxc5 20. Ne3 Qxe2+ 21. Kxe2 Nd3 22. Nd1 Nf4+ 23. Ke1 Rd7 24. Rh2 Rfd8 25. f3 Rd3 26. Ne2 Rxf3 27. Nf2 Re3 28. Ng4 Rxe4 29. Rd1 Rxd1+ 30. Kxd1 Nxh3 31. Nxe5 Rxe5 32. Rxh3 Rxg5 33. Nf4 e5 34. Ne6 Rg1+ 35. Kc2 Rg2+ 36. Kb3 Na5+ 37. Kb4 b6 38. b3 Rxa2 39. Nxc7 Rb2 40. c4 Nc6+ 41. Ka3 Rf2 42. Nxa6 e4 43. Re3 Rf4 44. c5 b5 45. Nb4 Ne7 46. c6 h5 47. c7 Nc8 48. Nd5 Rf5 49. Rxe4 Rxd5 50. Re8+ Kh7 51. Rxc8 Rc5 52. Kb4 Rc1 53. Kxb5 h4 54. Kb6 h3 55. Rd8 h2 56. Rd1 Rxd1 57. c8Q h1Q 58. Qf5+ Kh6 59. Qe6+ g6 60. Qe3+ g5 61. Qe6+ Kh5 62. Qe2+ g4 63. Qe5+ Kh4 64. Qf6+ Kh3 65. Qh6+ Kg3 66. Qe3+ Qf3 67. Qe5+ Kg2 68. b4 Qf2+ 69. Ka6 Re1 70. Qd5+ Kg1 71. b5 Ra1+ 72. Kb7 Qf3 0-1

[Event "Benidorm New Generation U12 06th"]
[Site "Benidorm"]
[Date "2010.12.05"]
[Round "2"]
[White "Garriga Cazorla, Pere"]
[Black "Porlan Minarro, Antonio"]
[Result "1-0"]
[WhiteElo "1805"]
[BlackElo "1454"]
[PlyCount "70"]
[EventDate "2010.12.04"]
[EventType "swiss"]
[EventRounds "7"]
[EventCountry "ESP"]
[SourceTitle "EXT 2024"]
[Source "ChessBase"]
[SourceDate "2023.10.10"]
[SourceVersion "1"]
[SourceVersionDate "2023.10.10"]
[SourceQuality "1"]

1. d4 Nf6 2. Bg5 g6 3. Bxf6 exf6 4. c4 d5 5. e3 Bg7 6. Nc3 dxc4 7. Bxc4 0-0 8. Nge2 Nd7 9. 0-0 c5 10. Qc2 Nb6 11. Bd3 cxd4 12. Nxd4 f5 13. Be2 Be6 14. Nxe6 fxe6 15. Qb3 Qe7 16. a4 Rab8 17. Rac1 Kh8 18. a5 Nd7 19. Nb5 a6 20. Nd4 Rfe8 21. Rc7 e5 22. Nf3 Nc5 23. Qb6 Nd7 24. Qa7 e4 25. Nd4 Kg8 26. Bxa6 bxa6 27. Rxd7 Qf6 28. b3 Ra8 29. Qb7 Reb8 30. Qd5+ Kh8 31. Rc1 Rc8 32. Rcc7 Rab8 33. g3 Rxc7 34. Rxc7 Qf8 35. Ne6 Rb4 1-0